Voyage en Egypte et en Nubie / (Record no. 24259)
[ view plain ]
| 000 -LEADER | |
|---|---|
| campo de control de longitud fija | 00482nam a2200169 i 4500 |
| 001 - NÚMERO DE CONTROL | |
| campo de control | 24259 |
| 003 - IDENTIFICADOR DE NÚMERO DE CONTROL | |
| campo de control | ES-MaACL |
| 005 - FECHA Y HORA DE LA ÚLTIMA TRANSACCIÓN | |
| campo de control | 20251015063042.0 |
| 007 - CAMPO FIJO DE DESCRIPCIÓN FÍSICA--INFORMACIÓN GENERAL | |
| campo de control de longitud fija | t| |
| 008 - DATOS DE LONGITUD FIJA--INFORMACIÓN GENERAL | |
| campo de control de longitud fija | 021216s1868 fr ||||1| fre d |
| 100 1# - ENTRADA PRINCIPAL--NOMBRE DE PERSONA | |
| Nombre de persona | Ampère, Jean-Jacques, |
| Fechas asociadas al nombre | 1800-1864 |
| 9 (RLIN) | 167916 |
| 245 10 - MENCIÓN DEL TÍTULO | |
| Título | Voyage en Egypte et en Nubie / |
| Mención de responsabilidad, etc. | par J. J. Ampere. |
| 260 ## - PUBLICACIÓN, DISTRIBUCIÓN, ETC. | |
| Lugar de publicación, distribución, etc. | París : |
| Nombre del editor, distribuidor, etc. | [s.n., |
| Fecha de publicación, distribución, etc. | 1868] ( |
| Fabricante | M. Levy) |
| 300 ## - DESCRIPCIÓN FÍSICA | |
| Extensión | XIX, 577 p. ; |
| Dimensiones | 22 cm. |
| 852 ## - LOCALIZACIÓN | |
| Ubicación | ES-MaACL |
| Número de control de estantería | G-8335 |
| Estatus retirado | Estado de pérdida | Estado de daño | No para préstamo | Colección | Biblioteca de origen | Biblioteca actual | Ubicación en estantería | Fecha de adquisición | Fuente de adquisición | Total de préstamos | Signatura topográfica completa | Código de barras | Visto por última vez | Precio de reemplazo | Tipo de ítem Koha |
|---|---|---|---|---|---|---|---|---|---|---|---|---|---|---|---|
| Libros del s. XIX | Biblioteca del Ateneo de Madrid | Biblioteca del Ateneo de Madrid | Sala Pecera Planta 3 | 17/01/2008 | G-8335 | 1025011 | 23/02/2023 | 23/02/2023 | Libro impreso antiguo |
